00627nam a2200169 4500001000700000003000900007005001700016007000300033008004100036100003100077245009600108260005600204300002700260852003100287999001900318952012000337140372ES-MaACL20230906200050.0t|070214s1973 ii r ||||1| eng d1 aSchwartz, Laurent.910487210aRadon measures on arbitrary topogical spaces and cylindrical measures / cLaurent Schwartz. aBombay (India) : bOxford University Press, c1973. aXII, 394 p. ; c26 cm. aES-MaACLjA-6448 bR.95398 c140372d140372 00104070aATENEOMbATENEOMcSPP1d2008-01-17eSCl0oA-6448p1146075r2023-02-23 00:00:00w2023-02-23yMONOGRAFIA